| 000 | 01732cam a22004934i 4500 | ||
|---|---|---|---|
| 003 | PE-LiUPU | ||
| 005 | 20250731165542.0 | ||
| 008 | 150625s r 000 0 d | ||
| 035 | _a(Sirsi) a33611 | ||
| 035 | _a(Sirsi) a33611 | ||
| 040 |
_aPE-LiUPU _bspa _cPE-LiUPU _erda |
||
| 082 | 0 | 4 |
_a221.7 _bITC _221 |
| 100 | 1 |
_aHolmgren, Fredrick Carlson, _d1926- , _eautor. |
|
| 245 | 1 | 0 |
_aIsrael alive again : _ba commentary on the books of Ezra and Nehemiah / _cFredrick Carlson Holmgren. |
| 264 | 1 |
_aGrand Rapids : _bThe handsel press, _c1987. |
|
| 300 |
_a162 páginas ; _c21 cm. |
||
| 336 |
_atext _2rdacontent |
||
| 337 |
_aunmediated _2rdamedia |
||
| 338 |
_avolume _2rdacarrier |
||
| 505 | 0 | _aThe book of ezra. -The book of Nehemiah. -Israel Alive - Again. | |
| 526 | _aSEG44 | ||
| 526 | _aSEG26 | ||
| 526 | _aP151 | ||
| 526 | _aP150 | ||
| 526 | _aP149 | ||
| 526 | _aP146 | ||
| 526 | _aP145 | ||
| 526 | _aP126 | ||
| 526 | _aP125 | ||
| 526 | _aP92 | ||
| 526 | _aP75 | ||
| 526 | _aP74 | ||
| 526 | _aP27 | ||
| 526 | _aP15 | ||
| 630 |
_aBiblia. _pA.T. _pEsdras _xComentarios. |
||
| 630 |
_aBiblia. _pA.T. _pNehemías _xComentarios. |
||
| 910 | _a | ||
| 942 |
_2ddc _cBOOK |
||
| 949 |
_aRC 221.7 ITC 15 _wDEWEY _c1 _i37860 _lRC _mBUL _r0 _sY _tBOOK _u2015-6-25 _xBIBLIOTECA _zUNKNOWN _0COMPRA _o.CIRCNOTE. No olvidar cambiar la fecha de devolución!!!!!!! _o.STAFF. Colección General |
||
| 994 |
_aC0 _bPEPRU |
||
| 596 | _a1 | ||
| 999 |
_aRC 221.7 ITC 15 _wDEWEY _c41378 _i37860 _d41378 _f2021-11-8 _g6 _lCCODEBUL1 _mBUL _q2 _r1 _sY _tBOOK _u2015-6-25 _xTEOLOGIA _zUNKNOWN _0COMPRA _o.CIRCNOTE. No olvidar cambiar la fecha de devolución!!!!!!! _o.STAFF. Colección General |
||
| 980 |
_81 _gALBERTO SANCHEZ Responsable de Automatización |
||